000 00940nam a2200253Ia 4500
003 Ost
005 20260507074912.0
008 260507s9999||||xx |||||||||||||| ||und||
020 _a759936127
040 _cfsecg
041 _aara
082 _a647.9
100 _aالدباس، خليل أحمد
_eمؤلف
245 0 _aالإعلان والترويج الفندقي /
_c خليل أحمد الدباس
260 _aعمان:
_bدار كنوز المعرفة,
_c2007
300 _a197 صفحة؛
_bإيضاحات ؛
_c24 سم
504 _aببليوغرافيا: ص.196
520 _aترويج الفندق، الاتصال التسويقي، العلاقات العامة في الفنادق، الاعلان، وسائل الاعلان، الدعاية، العرض التجاري
653 _aالاعلان
653 _aالدعاية
653 _aالسياحة
653 _aالفنادق
942 _cكتاب
999 _c41749
_d41749